LEADER 00969nam a2200217 i 4500 001 000000138822 003 CaOOAMICUS 005 20050812000000.0 008 050812s1978 it u000 u ita u 013 $a112777 040 $aSeMil$bita 110 2 $aSocietā filosofica italiana.$0(OLS)http://semarc/name/1708 245 10$aAtti del 26. Congresso Nazionale di Filosofia :$b(Urbino, 22-25 aprile 1978) /$cSocietā Filosofica Italiana. 260 $aRoma :$bSocietā Filosofica Italiana,$c1978. 300 $a637 p. ;$c24 cm. 650 4$aFilosofia - Atti di congressi.$0(OLS)http://semarc/subject/57 850 $aSeMil 852 $aSeMil$W1$xVenegono$y1$m1128 1 *$j92263$B92263$CSeMilBibl$Z2$F98285 $81 961 $aLascito: Corradi mons. Enrico 996 $6245$aAtti del 26. Congresso Nazionale di Filosofia :$b(Urbino, 22-25 aprile 1978)$9(OLS)http://semarc/title/202907 996 $6260$aRoma :$bSocietā Filosofica Italiana$9(OLS)http://semarc/publisher/33736 LEADER 01160nam a2200265 i 4500 001 000000141379 003 CaOOAMICUS 005 20230928094225.0 008 050715s1964 it u000 u ita u 040 $aSeMil$bita 100 1 $aMoore, George Edward,$d<1873-1958>.$0(OLS)http://semarc/name/35544 240 10$aPrincipia ethica.$0(OLS)http://semarc/title/206584 245 10$aPrincipia ethica /$cGeorge Edward Moore ; prefazione di Nicola Abbagnano. 264 1$aMilano :$bValentino Bompiani,$c1964. 300 $a358 p. ;$c23 cm. 490 1 $aIdee nuove ;$v38. 650 4$aEtica - Filosofia.$0(OLS)http://semarc/subject/12172 650 4$aMoore, George Edward <1873-1958>. Principia ethica.$0(OLS)http://semarc/subject/27821 700 1 $aAbbagnano, Nicola,$d<1901-1990>.$0(OLS)http://semarc/name/17 830 0$aIdee nuove ;$v38.$0(OLS)http://semarc/title/7612 850 $aSeMil 852 $aSeMil$W1$xVenegono$y1$m2R II 260$j94623$B94623$CSeMilBibl$Z2$F100384 $81 996 $6245$aPrincipia ethica$9(OLS)http://semarc/title/206585 996 $6264$aMilano :$bValentino Bompiani$9(OLS)http://semarc/publisher/32383